Normal view MARC view

Entry Topical Term

Number of records used in: 1

001 - CONTROL NUMBER

  • control field: 20145

003 - CONTROL NUMBER IDENTIFIER

  • control field: OSt

005 - DATE AND TIME OF LATEST TRANSACTION

  • control field: 20211105134450.0

008 - FIXED-LENGTH DATA ELEMENTS

  • fixed length control field: 211105|| aca||aabn | a|a d

040 ## - CATALOGING SOURCE

  • Original cataloging agency: OSt
  • Transcribing agency: OSt

150 ## - HEADING--TOPICAL TERM

  • Topical term or geographic name entry element: Hipparcos catalogue

670 ## - SOURCE DATA FOUND

  • Source citation: Work cat.: (OSt): Turon, C. 20144, the hipparcos input catalogue:vol:4, right ascension: 14th -18th hic: 68301-93276, 1992

Powered by Koha